00648cam a2200169 a 450000100100000000500170001000800410002704000250006808200180009310000360011124500720014726000430021930000280026265100520029095201210034299900150046300000667020200929153954.0800313s1977 cu a f001 0 spa  aDO-SdBNPbspacBNPHU a963.06bV145e1 aValdés Vivó, Raúl.91856710aEtiopía :bla revolución desconocida /cRaúl Valdés Vivó. aLa Habana :bCiencias Sociales,c1977. a147 p. :bil. ;c19 cm. 4aEtiopíaxHistoriayREVOLUCIÓN, 1974.918568 001052708MOaGRbGRcCTd2009-09-01iLF1l0o963.06 V145ep6670-10r2020-06-25w2020-06-25y2ZPréstamo interno c6459d6459